Sexually Transmitted Diseases And Hiv/Aids : (Record no. 605971)

MARC details
000 -LEADER
fixed length control field 00460nam a2200181 a 4500
008 - FIXED-LENGTH DATA ELEMENTS--GENERAL INFORMATION
fixed length control field 251230s2009##################000#0#eng##
020 ## - INTERNATIONAL STANDARD BOOK NUMBER
ISBN 9788130912042
082 04 - DEWEY DECIMAL CLASSIFICATION NUMBER
Classification number 616.9792
Item number VIN
245 10 - TITLE STATEMENT
Title Sexually Transmitted Diseases And Hiv/Aids :
260 ## - PUBLICATION, DISTRIBUTION, ETC. (IMPRINT)
Year of publication 2009.
300 ## - PHYSICAL DESCRIPTION
Number of Pages 908 pages
650 #0 - SUBJECT ADDED ENTRY--TOPICAL TERM
Topical Term AIDS (Disease).
942 ## - ADDED ENTRY ELEMENTS (KOHA)
Koha item type English Books
Holdings
Withdrawn status Lost status Damaged status Not for loan Home library Current library Shelving location Date acquired Full call number Accession Number Price effective from Koha item type
        Anna Centenary Library Anna Centenary Library 5TH FLOOR, B WING 30.12.2025 616.9792 VIN 287206 30.12.2025 English Books

Find us on the map